000 03580nab a2200301 i 4500
003 BR-BrBNA
005 20251019123408.0
008 251019b2017 bl.|r|pooa||| 00| 0 eng |
040 _aBR-BrBNA
_beng
072 _aF03
_b0990
100 _aSilva, Joseano Graciliano da
100 _aLopes, Kilson Pinheiro
100 _aCavalcante, Jerffeson Araújo
100 _aPereira, Natali Almeida Evangelista
100 _aBarbosa, Roberta Chaiene Almeida
245 _aPre-germinative treatments in pomegranate seeds (Punica granatum L.): effect on physiological quality
500 _aPublicação online; 17 ref.; 2 tables; Summaries (En, Pt)
520 _a ABSTRACT - This study aimed to evaluate the efficiency of different removal methods of sarcotesta and their effects on the physiological quality of the seeds. We applied the following treatments: T1 - friction in coarse sand on a sieve; T2 and T3 - immersion in sulfuric acid (98%) for 30 minutes and washing in water, with and without a vernalization for 48 hours in a refrigerator at 4 °C, respectively; T4 and T5 - natural fermentation for 72 hours, with seeds submitted and not submitted to drying in shade for seven days; and T6 - seeds with intact sarcotesta as control. The experiment was carried out in a completely randomized design. For the analysis of the viability and vigor, we used the germination test, germination on first count, germination speed index, accelerated aging, emergence test, emergence speed index, number of leaves, plant height, stem diameter, and root length. The data were submitted to analysis of variance and Tukey test. Seeds submitted to fermentation showed the highest germination and emergence values. However, it was not statistically different from the control, probably due to the sensitivity to desiccation or seed dormancy, which was shown in the accelerated aging test. Index terms: Pomegranate Tree, Sarcotesta, Dormancy, Physiology
520 _a RESUMO - Objetivou-se avaliar a eficiência de diferentes métodos de remoção da sarcotesta de sementes de romã e seus efeitos sobre a qualidade fisiológica. Foram empregados os seguintes tratamentos: T1 - fricção em areia grossa sobre peneira; T2 e T3 - imersão em ácido sulfúrico (98%) por 30 minutos e lavagem em água corrente, com e sem vernalização durante 48 horas em geladeira a 4ºC, respectivamente; T4 e T5 - fermentação natural por 72 horas, com sementes submetidas e não submetidas à secagem à sombra, durante sete dias respectivamente, e T6 - sementes com sarcotesta intacta, como testemunha. Utilizou-se o delineamento inteiramente casualizado, com dados submetidos à análise de variância, e as médias comparadas pelo teste Tukey a 5% de probabilidade. Observou-se superioridade nos valores de germinação e emergência para os tratamentos submetidos à fermentação, associando isto a possível sensibilidade à dessecação da semente e dormência, comprovado pelo teste de envelhecimento acelerado. Termos para indexação: Romãzeira. Sarcotesta. Dormência. Fisiologia.
650 _aROMÃ
650 _aTRATAMENTO DE SEMENTE
650 _aDORMÊNCIA
650 _aFISIOLOGIA VEGETAL
773 0 _0805
_9317031
_dJaboticabal-SP Sociedade Brasileira de Fruticultura 1978
_o2024-3593
_tRevista Brasileira de Fruticultura (Brazil)
_x0100-2945
_gv. 39(special number) p. 1-5; (2017)
_wBR2025004263
856 _uhttps://www.scielo.br/j/rbf/a/MCnnWYVYYRkkgHtmsKjvhhC/?format=pdf&lang=en
942 _cANA
999 _c338719
_d338719